00734nam a2200253Ia 4500008004000000041000800040082001100048100002100059245007600080260003500156300000800191650000800199650001100207650000800218650000800226650001200234650001200246650001600258650001900274690002200293906001100315999001900326952013500345210210b1884 xxu||||| |||| 00| 0 eng d aeng a321/74 aSTUBBS (William) aConstitutional history of England in its origin and development Vol III abAt the Clarendon Pressc1884 a650 aVol aorigin aits aIII ahistory aEngland adevelopment aConstitutional aPolitical Science a003391 c121077d121077 001040748Political ScienceaALbALcPolitical Scienced2021-02-17g0.00l0o321/74p003391r2021-02-17 00:00:00w2021-02-17yBK